[Event "Titled Tuesday intern op 25th Feb Early"]
[Site "Chess.com INT"]
[Date "2025.02.25"]
[Round "5"]
[White "Dicen, Elis Denele"]
[Black "Zarnicki, Pablo Adrian"]
[Result "0-1"]
[WhiteElo "2129"]
[BlackElo "2514"]
[PlyCount "54"]
[EventDate "2025.02.25"]
[EventType "swiss (blitz)"]
[EventRounds "11"]
[EventCountry "USA"]
[SourceTitle "CB10_2025"]
[SourceDate "2025.03.05"]
[SourceVersion "1"]
[SourceVersionDate "2025.03.05"]
[SourceQuality "1"]

1. d4 c5 2. d5 e5 3. Nc3 d6 4. e4 a6 5. a4 g6 6. g3 Bg7 7. Bg2 Ne7 8. Nge2 0-0 9. 0-0 Nd7 10. Kh1 f5 11. f4 h6 12. fxe5 Nxe5 13. Be3 fxe4 14. Rxf8+ Qxf8 15. Nxe4 Nc4 16. Bf4 Bg4 17. h3 Nxb2 18. Qd2 Nc4 19. Qe1 Bxa1 20. Qxa1 Bxe2 21. Nf6+ Kh8 22. Nh5+ Ne5 23. Bxe5+ dxe5 24. Qxe5+ Kg8 25. Nf6+ Kf7 26. Qe6+ Kg7 27. Qxe2 Qxf6 0-1

[Event "Titled Tuesday intern op 25th Feb Early"]
[Site "Chess.com INT"]
[Date "2025.02.25"]
[Round "2"]
[White "Zarnicki, Pablo Adrian"]
[Black "Sklokin, Sergey"]
[Result "0-1"]
[WhiteElo "2514"]
[BlackElo "2338"]
[PlyCount "124"]
[EventDate "2025.02.25"]
[EventType "swiss (blitz)"]
[EventRounds "11"]
[EventCountry "USA"]
[SourceTitle "CB10_2025"]
[SourceDate "2025.03.05"]
[SourceVersion "1"]
[SourceVersionDate "2025.03.05"]
[SourceQuality "1"]

1. g3 c5 2. Bg2 Nc6 3. b3 e6 4. Bb2 Nf6 5. Nf3 d5 6. 0-0 Be7 7. d3 0-0 8. Ne5 Qc7 9. Nxc6 bxc6 10. c4 e5 11. Nc3 Be6 12. Rc1 Rfd8 13. cxd5 cxd5 14. Na4 Nd7 15. Ba3 Rac8 16. Qd2 Qb8 17. f4 exf4 18. gxf4 f6 19. f5 Bf7 20. d4 Bd6 21. Nxc5 Bxh2+ 22. Kh1 Nxc5 23. Bxc5 Bd6 24. b4 Re8 25. Bxd6 Qxd6 26. Rxc8 Rxc8 27. a3 Rc4 28. e3 Qc7 29. Qe2 Rc2 30. Qg4 h5 31. Qf3 Qc3 32. Rg1 Qd2 33. Qg3 h4 34. Qxh4 Qxe3 35. Qg4 Rd2 36. Rc1 Qh6+ 37. Kg1 Rxg2+ 38. Kxg2 Qxc1 39. Qg3 Qd2+ 40. Kh3 Qh6+ 41. Kg2 Qg5 42. Qxg5 fxg5 43. Kg3 Bh5 44. a4 Kf7 45. b5 Kf6 46. a5 Be8 47. b6 axb6 48. axb6 Bc6 49. Kg4 g6 50. fxg6 Kxg6 51. Kg3 Kf5 52. Kf3 g4+ 53. Ke3 Kg5 54. Ke2 Kf4 55. Kf2 Bb7 56. Ke2 g3 57. Kf1 Kf3 58. Kg1 g2 59. Kh2 Kf2 60. Kh3 g1Q 61. Kh4 Qg6 62. Kh3 Qh5# 0-1

[Event "Titled Tuesday intern op 11th Feb Early"]
[Site "Chess.com INT"]
[Date "2025.02.11"]
[Round "10"]
[White "Ambartsumova, Karina"]
[Black "Zarnicki, Pablo Adrian"]
[Result "0-1"]
[WhiteElo "2405"]
[BlackElo "2514"]
[PlyCount "88"]
[EventDate "2025.02.11"]
[EventType "swiss (blitz)"]
[EventRounds "11"]
[EventCountry "USA"]
[SourceTitle "CB09_2025"]
[SourceDate "2025.02.27"]
[SourceVersion "1"]
[SourceVersionDate "2025.02.27"]
[SourceQuality "1"]

1. Nf3 c5 2. c4 g6 3. d4 cxd4 4. Nxd4 Bg7 5. e4 Nc6 6. Nc2 d6 7. Be2 f5 8. Nd2 Nf6 9. exf5 Bxf5 10. Ne3 Be6 11. 0-0 0-0 12. Nf3 Rc8 13. Ng5 Bd7 14. c5 dxc5 15. Bc4+ Kh8 16. Nf7+ Rxf7 17. Bxf7 e6 18. Nc4 Qe7 19. Nd6 Rf8 20. Be3 b6 21. Bxg6 hxg6 22. Nc4 Nd5 23. Qc2 Qf6 24. Rae1 Qf5 25. Qe2 Ncb4 26. Rd1 Bb5 27. b3 Nc3 28. Qd2 Nxd1 29. Rxd1 Nd5 30. Nd6 Nxe3 31. Nxf5 Nxf5 32. Qg5 Be8 33. Re1 Bf6 34. Qg4 Bf7 35. Qe4 Kg7 36. f3 Bd4+ 37. Kf1 Rh8 38. Qb7 Rxh2 39. Rxe6 Ng3+ 40. Ke1 Nf5 41. Re2 Bc3+ 42. Kd1 Nd4 43. Re7 Rh1+ 44. Re1 Rxe1# 0-1

[Event "Titled Tuesday intern op 11th Feb Early"]
[Site "Chess.com INT"]
[Date "2025.02.11"]
[Round "3"]
[White "Elizee, Kaieem"]
[Black "Zarnicki, Pablo Adrian"]
[Result "0-1"]
[WhiteElo "1782"]
[BlackElo "2514"]
[PlyCount "80"]
[EventDate "2025.02.11"]
[EventType "swiss (blitz)"]
[EventRounds "11"]
[EventCountry "USA"]
[SourceTitle "CB08_2025"]
[SourceDate "2025.02.19"]
[SourceVersion "1"]
[SourceVersionDate "2025.02.19"]
[SourceQuality "1"]

1. d4 Nf6 2. Nf3 d5 3. Bf4 c6 4. e3 Bf5 5. Nbd2 e6 6. Be2 Bd6 7. Ne5 Qc7 8. c4 Nbd7 9. Nxd7 Nxd7 10. Bxd6 Qxd6 11. 0-0 0-0 12. c5 Qe7 13. f4 f6 14. Nf3 Be4 15. b4 a6 16. a4 e5 17. fxe5 fxe5 18. b5 axb5 19. axb5 Rxa1 20. Qxa1 exd4 21. exd4 Bxf3 22. Bxf3 Qe3+ 23. Kh1 Nf6 24. bxc6 bxc6 25. Re1 Qd2 26. Rd1 Qf2 27. Rf1 Qh4 28. g3 Qh3 29. Bg2 Qe6 30. Qe1 Qg4 31. Rf4 Qh5 32. Qe6+ Kh8 33. Qxc6 Re8 34. Rf1 Ng4 35. h4 Ne3 36. Rg1 h6 37. Kh2 Rf8 38. Qd6 Rf2 39. Qd8+ Kh7 40. Qd6 Qf3 0-1

[Event "Titled Tuesday intern op 11th Feb Early"]
[Site "Chess.com INT"]
[Date "2025.02.11"]
[Round "6"]
[White "Jumabayev, Rinat"]
[Black "Zarnicki, Pablo Adrian"]
[Result "1-0"]
[WhiteElo "2564"]
[BlackElo "2514"]
[PlyCount "33"]
[EventDate "2025.02.11"]
[EventType "swiss (blitz)"]
[EventRounds "11"]
[EventCountry "USA"]
[SourceTitle "CB09_2025"]
[SourceDate "2025.02.27"]
[SourceVersion "1"]
[SourceVersionDate "2025.02.27"]
[SourceQuality "1"]

1. d3 Nf6 2. h3 e5 3. Nf3 Nc6 4. e4 d5 5. Nbd2 a5 6. Be2 Bc5 7. 0-0 0-0 8. c3 Re8 9. Re1 dxe4 10. dxe4 Nh5 11. Bb5 Nf4 12. Nb3 Bd6 13. Bxf4 exf4 14. e5 Rxe5 15. Nxe5 Nxe5 16. Rxe5 a4 17. Re8+ 1-0

[Event "Titled Tuesday intern op 04th Feb Late"]
[Site "Chess.com INT"]
[Date "2025.02.04"]
[Round "1"]
[White "Romero Ruscalleda, Josep"]
[Black "Zarnicki, Pablo Adrian"]
[Result "0-1"]
[WhiteElo "2161"]
[BlackElo "2514"]
[PlyCount "86"]
[EventDate "2025.02.04"]
[EventType "swiss (blitz)"]
[EventRounds "11"]
[EventCountry "USA"]
[SourceTitle "CB07_2025"]
[SourceDate "2025.02.12"]
[SourceVersion "1"]
[SourceVersionDate "2025.02.12"]
[SourceQuality "1"]

1. e4 c5 2. c3 d5 3. exd5 Qxd5 4. Nf3 g6 5. Na3 Bg7 6. Bc4 Qe4+ 7. Be2 Nf6 8. 0-0 0-0 9. Re1 Qc6 10. Bb5 Qc7 11. d4 a6 12. Bf1 Bg4 13. h3 Bxf3 14. Qxf3 cxd4 15. cxd4 Nc6 16. Be3 Qd7 17. Rad1 b5 18. Nb1 Rfd8 19. Nc3 Rac8 20. a3 Nd5 21. Ne4 Nxe3 22. fxe3 Qa7 23. Nc5 Nxd4 24. exd4 Bxd4+ 25. Kh1 Qxc5 26. a4 Bxb2 27. axb5 axb5 28. Rb1 Bc3 29. Rxb5 Qxb5 30. Bxb5 Bxe1 31. Qe3 Bb4 32. g4 Rc2 33. Bf1 Rd1 34. Qf3 Rcc1 35. Qa8+ Kg7 36. Kg2 Rxf1 37. Qb7 Bd6 38. g5 Rb1 39. Qd5 Rfd1 40. Qc4 Rd2+ 41. Kf3 Rbd1 42. h4 Rd4 43. Qc3 R1d3+ 0-1

[Event "Titled Tuesday intern op 04th Feb Late"]
[Site "Chess.com INT"]
[Date "2025.02.04"]
[Round "2"]
[White "Yoo, Christopher Woojin"]
[Black "Zarnicki, Pablo Adrian"]
[Result "1-0"]
[WhiteElo "2588"]
[BlackElo "2514"]
[PlyCount "39"]
[EventDate "2025.02.04"]
[EventType "swiss (blitz)"]
[EventRounds "11"]
[EventCountry "USA"]
[SourceTitle "CB07_2025"]
[SourceDate "2025.02.12"]
[SourceVersion "1"]
[SourceVersionDate "2025.02.12"]
[SourceQuality "1"]

1. e4 e5 2. Nf3 Nf6 3. d4 Nxe4 4. Bd3 Nc6 5. Nxe5 Nxe5 6. dxe5 d5 7. exd6 Nxd6 8. Nc3 Be7 9. Qh5 g6 10. Qh6 Nf5 11. Qf4 0-0 12. 0-0 Bd6 13. Qf3 Qh4 14. h3 Bd7 15. Qxb7 Nd4 16. Qe4 Qxe4 17. Nxe4 Rab8 18. Nf6+ Kg7 19. Nxd7 Rbd8 20. Nxf8 1-0

[Event "Titled Tuesday intern op 04th Feb Late"]
[Site "Chess.com INT"]
[Date "2025.02.04"]
[Round "5"]
[White "Zarnicki, Pablo Adrian"]
[Black "Lantini, Marco"]
[Result "0-1"]
[WhiteElo "2514"]
[BlackElo "1931"]
[PlyCount "96"]
[EventDate "2025.02.04"]
[EventType "swiss (blitz)"]
[EventRounds "11"]
[EventCountry "USA"]
[SourceTitle "CB07_2025"]
[SourceDate "2025.02.12"]
[SourceVersion "1"]
[SourceVersionDate "2025.02.12"]
[SourceQuality "1"]

1. e4 c5 2. Nf3 d6 3. d4 cxd4 4. Nxd4 Nf6 5. Nc3 a6 6. h3 e5 7. Nf3 Be7 8. g4 0-0 9. g5 Ne8 10. Nd5 Be6 11. Rg1 Nc6 12. Bc4 Nc7 13. Be3 Bxd5 14. Bxd5 Nxd5 15. Qxd5 Rc8 16. c3 Qd7 17. h4 Qe6 18. 0-0-0 Nb4 19. Qxe6 fxe6 20. Kb1 Rxf3 21. cxb4 Rd8 22. Rc1 d5 23. Rc7 Bf8 24. Rxb7 d4 25. Bc1 Rxf2 26. Rb6 Re2 27. g6 h6 28. Rxe6 d3 29. Rf1 d2 30. Bxd2 Rexd2 31. a3 Re2 32. Rxe5 Rc8 33. Re6 Rec2 34. Rxa6 Be7 35. h5 Bf6 36. Raxf6 gxf6 37. Rxf6 Re2 38. Re6 Rcc2 39. Re8+ Kg7 40. Re7+ Kf8 41. Rf7+ Kg8 42. Rd7 Rxb2+ 43. Kc1 Ra2 44. Kb1 Rad2 45. Rxd2 Rxd2 46. e5 Kg7 47. Kc1 Ra2 48. e6 Kf6 0-1

[Event "Titled Tuesday intern op 04th Feb Late"]
[Site "Chess.com INT"]
[Date "2025.02.04"]
[Round "7"]
[White "Zarnicki, Pablo Adrian"]
[Black "Martin Rueda, Daniel"]
[Result "0-1"]
[WhiteElo "2514"]
[BlackElo "2266"]
[PlyCount "144"]
[EventDate "2025.02.04"]
[EventType "swiss (blitz)"]
[EventRounds "11"]
[EventCountry "USA"]
[SourceTitle "CB07_2025"]
[SourceDate "2025.02.12"]
[SourceVersion "1"]
[SourceVersionDate "2025.02.12"]
[SourceQuality "1"]

1. g3 d5 2. Bg2 c6 3. d3 Nd7 4. Nd2 e5 5. Ngf3 Ngf6 6. e4 dxe4 7. dxe4 Bc5 8. 0-0 0-0 9. c3 a5 10. Qc2 a4 11. Nc4 Qc7 12. Bg5 Re8 13. Rad1 b5 14. Ne3 h6 15. Bh4 Bxe3 16. fxe3 g5 17. Nxg5 hxg5 18. Bxg5 Nh7 19. Bh4 Ndf8 20. Qe2 Ng6 21. Bf6 Nxf6 22. Rxf6 Re6 23. Rf2 Kg7 24. Rdf1 Re7 25. Qf3 Qd6 26. h4 Bd7 27. h5 Nf8 28. Rd1 Qe6 29. a3 Nh7 30. Rfd2 Ng5 31. Qe2 Qg4 32. Qf2 Rh8 33. Rd6 Be6 34. Rf1 Rh6 35. Rxc6 Nxe4 36. Qf3 Qxf3 37. Bxf3 Nxg3 38. Rd1 Nxh5 39. Kf2 Nf6 40. Rg1+ Rg6 41. Rc5 Rxg1 42. Kxg1 Bc4 43. Kf2 e4 44. Bd1 Rd7 45. Bxa4 Rd2+ 46. Kg3 Rxb2 47. Bd1 Nd5 48. Rc8 Nxe3 49. Bh5 Kh6 50. Rh8+ Kg5 51. Rg8+ Kxh5 52. Kf4 Nd5+ 53. Kxe4 Nf6+ 54. Ke5 Nxg8 55. Kd4 Rb3 56. Kc5 Rxa3 57. Kd4 Rb3 58. Kc5 Rxc3 59. Kb4 Rb3+ 60. Ka5 f5 61. Kb6 f4 62. Kc5 f3 63. Kd4 f2 64. Ke4 f1Q 65. Ke5 Qe2+ 66. Kd4 Bf7 67. Kc5 Qc4+ 68. Kb6 Ra3 69. Kb7 Qc5 70. Kb8 Qa7+ 71. Kc8 Rc3+ 72. Kd8 Qe7# 0-1

[Event "Titled Tuesday intern op 04th Feb Late"]
[Site "Chess.com INT"]
[Date "2025.02.04"]
[Round "3"]
[White "Zarnicki, Pablo Adrian"]
[Black "Pribelszky, Bence Daniel"]
[Result "0-1"]
[WhiteElo "2514"]
[BlackElo "2399"]
[PlyCount "96"]
[EventDate "2025.02.04"]
[EventType "swiss (blitz)"]
[EventRounds "11"]
[EventCountry "USA"]
[SourceTitle "CB07_2025"]
[SourceDate "2025.02.12"]
[SourceVersion "1"]
[SourceVersionDate "2025.02.12"]
[SourceQuality "1"]

1. e4 c5 2. Nf3 Nf6 3. e5 Nd5 4. Nc3 e6 5. Nxd5 exd5 6. d4 Nc6 7. c3 d6 8. Bb5 cxd4 9. Nxd4 Bd7 10. exd6 Bxd6 11. 0-0 0-0 12. Be3 Ne5 13. Be2 Qc7 14. g3 Nc4 15. Bxc4 dxc4 16. Qh5 Rae8 17. Rad1 Re5 18. Qh4 Ra5 19. a3 Re8 20. Rfe1 Rae5 21. Bd2 Qb6 22. Rxe5 Bxe5 23. Nf3 Bf6 24. Bg5 Bc6 25. Nd4 Bxd4 26. cxd4 Qxb2 27. d5 Qe2 28. Qd4 Ba4 29. Rc1 h6 30. Be3 Rc8 31. d6 Bd7 32. Qxa7 Qb2 33. Qd4 c3 34. a4 Qb3 35. a5 c2 36. Qb6 Qd5 37. Qd4 Qf3 38. Qf4 Qd1+ 39. Kg2 Bc6+ 40. Kh3 Qh5+ 41. Qh4 Qf5+ 42. g4 Qd3 43. Qg3 Rd8 44. Bf4 Qd1 45. Qc3 Bd7 46. f3 h5 47. Rxc2 hxg4+ 48. Kg3 gxf3 0-1

[Event "Titled Tuesday intern op 28th Jan Early"]
[Site "Chess.com INT"]
[Date "2025.01.28"]
[Round "11"]
[White "Poormosavi, Seyed Kian"]
[Black "Zarnicki, Pablo Adrian"]
[Result "0-1"]
[WhiteElo "2368"]
[BlackElo "2514"]
[PlyCount "102"]
[EventDate "2025.01.28"]
[EventType "swiss (blitz)"]
[EventRounds "11"]
[EventCountry "USA"]
[SourceTitle "CB06_2025"]
[SourceDate "2025.02.05"]
[SourceVersion "1"]
[SourceVersionDate "2025.02.05"]
[SourceQuality "1"]

1. Nf3 Nf6 2. g3 g6 3. Bg2 Bg7 4. 0-0 0-0 5. d4 d6 6. Nc3 d5 7. Bf4 c6 8. Re1 Bf5 9. h3 Ne4 10. g4 Nxc3 11. bxc3 Be4 12. Qd2 Nd7 13. a4 Nb6 14. Ne5 Bxg2 15. Kxg2 f6 16. Nd3 Nc4 17. Qc1 e5 18. Bg3 Qd7 19. e3 Rae8 20. a5 f5 21. f3 e4 22. fxe4 fxg4 23. hxg4 Rxe4 24. Nf2 Rxf2+ 25. Kxf2 Rxg4 26. Qd1 Bh6 27. Re2 Qf5+ 28. Kg2 Qe4+ 29. Kh2 Rg5 30. Rg2 Nxe3 31. Qe2 Rh5+ 32. Kg1 Qe6 33. Re1 Qh3 34. Bh2 Nxg2 35. Qxg2 Rg5 36. Re2 Rxg2+ 37. Rxg2 Be3+ 38. Kh1 Qf3 39. Bd6 a6 40. Kh2 Bf4+ 41. Bxf4 Qxf4+ 42. Kg1 Kg7 43. Rf2 Qe3 44. Kf1 Qxc3 45. Re2 Qxd4 46. Re7+ Kh6 47. Rxb7 Qc4+ 48. Ke1 Qxc2 49. Rb6 Qc3+ 50. Ke2 Qxa5 51. Rb8 Qb5+ 0-1

[Event "Titled Tuesday intern op 28th Jan Early"]
[Site "Chess.com INT"]
[Date "2025.01.28"]
[Round "4"]
[White "Zarnicki, Pablo Adrian"]
[Black "Mamedov, Edgar"]
[Result "0-1"]
[WhiteElo "2514"]
[BlackElo "2457"]
[PlyCount "72"]
[EventDate "2025.01.28"]
[EventType "swiss (blitz)"]
[EventRounds "11"]
[EventCountry "USA"]
[SourceTitle "CB06_2025"]
[SourceDate "2025.02.05"]
[SourceVersion "1"]
[SourceVersionDate "2025.02.05"]
[SourceQuality "1"]

1. e4 d6 2. d4 g6 3. Nc3 c6 4. f4 d5 5. e5 h5 6. Nf3 Bg4 7. Be2 e6 8. Be3 Nh6 9. 0-0 Nd7 10. Bf2 c5 11. h3 Bxf3 12. Bxf3 Nf5 13. Ne2 Nxd4 14. Nxd4 cxd4 15. Bxd4 Bc5 16. Kh2 Qb6 17. Bxc5 Nxc5 18. Rb1 0-0 19. b4 Na4 20. Rb3 Rac8 21. Qe1 Qc7 22. Bxh5 Nc3 23. Qh4 Ne4 24. Rff3 Qxc2 25. Rg3 Nxg3 26. Rxg3 Rc3 27. Rg5 Kg7 28. Rg4 Qf5 29. Rg5 Qe4 30. Rg4 Qf5 31. Rg5 Qb1 32. Rg4 Kg8 33. Bxg6 fxg6 34. Qh6 Kf7 35. Qh7+ Ke8 36. Rxg6 Qf5 0-1

[Event "Titled Tuesday intern op 14th Jan Early"]
[Site "Chess.com INT"]
[Date "2025.01.14"]
[Round "9"]
[White "Zarnicki, Pablo Adrian"]
[Black "Williams, Simon Kim"]
[Result "0-1"]
[WhiteElo "2514"]
[BlackElo "2440"]
[PlyCount "120"]
[EventDate "2025.01.14"]
[EventType "swiss (blitz)"]
[EventRounds "11"]
[EventCountry "USA"]
[SourceTitle "CB04_2025"]
[SourceDate "2025.01.22"]
[SourceVersion "1"]
[SourceVersionDate "2025.01.22"]
[SourceQuality "1"]

1. e4 c5 2. Nf3 Nc6 3. Bb5 d6 4. 0-0 Bd7 5. Re1 Nf6 6. c3 a6 7. Bf1 e5 8. h3 g5 9. d4 cxd4 10. cxd4 g4 11. hxg4 Bxg4 12. dxe5 Nxe5 13. Be2 Bxf3 14. Bxf3 Rg8 15. Nc3 Qd7 16. Bf4 Qh3 17. Kf1 Qh4 18. g3 Qh3+ 19. Bg2 Qe6 20. Qa4+ Qd7 21. Qxd7+ Nfxd7 22. Nd5 0-0-0 23. Bh3 Kb8 24. Rac1 Nd3 25. Bxd7 Nxe1 26. Rxe1 Rxd7 27. Nf6 Rd8 28. Nxg8 Bg7 29. Ne7 Bxb2 30. Nf5 Ba3 31. Rd1 Kc7 32. Rd3 Bc5 33. Rc3 b6 34. Ne3 Kc6 35. Nd5 b5 36. Rf3 a5 37. Bd2 b4 38. Rxf7 Rb8 39. Rc7+ Kb5 40. f4 Kc4 41. Ke2 a4 42. Ne3+ Kd4 43. Kf3 Kd3 44. Nd5 Kxd2 45. Rxh7 b3 46. axb3 axb3 47. Rh2+ Kd3 48. f5 b2 49. Nf4+ Kc4 50. Rc2+ Kb3 51. Rxb2+ Kxb2 52. f6 Rf8 53. Nd5 Bd4 54. g4 Bxf6 55. Kf4 Be5+ 56. Ke3 Kb3 57. g5 Kc4 58. g6 Rg8 59. Ne7 Rg7 60. Kf3 Rxe7 0-1

[Event "Wch Blitz"]
[Site "New York"]
[Date "2024.12.30"]
[Round "5"]
[White "Zarnicki, Pablo Adrian"]
[Black "Blackwood, Ryan"]
[Result "1-0"]
[WhiteElo "2514"]
[BlackElo "1956"]
[PlyCount "50"]
[EventDate "2024.12.30"]
[EventType "swiss (blitz)"]
[EventRounds "13"]
[EventCountry "USA"]
[SourceTitle "CB01_2025"]
[SourceDate "2025.01.01"]
[SourceVersion "1"]
[SourceVersionDate "2025.01.01"]
[SourceQuality "1"]

1. e4 d5 2. exd5 Qxd5 3. Nc3 Qa5 4. d4 Nf6 5. Bc4 Nc6 6. Bd2 Nxd4 7. Nge2 e5 8. 0-0 Nxe2+ 9. Qxe2 Qc5 10. Be3 Qe7 11. Rad1 c6 12. Rfe1 Nd7 13. Ne4 Qb4 14. c3 Qa5 15. b4 Qc7 16. Ng5 f5 17. Bb3 Nf6 18. Bf7+ Qxf7 19. Nxf7 Kxf7 20. Bc5 Bxc5 21. bxc5 e4 22. Rd6 Be6 23. Red1 Nd5 24. Qd2 Rad8 25. c4 Rxd6 1-0

[Event "Wch Blitz"]
[Site "New York"]
[Date "2024.12.30"]
[Round "1"]
[White "Zarnicki, Pablo Adrian"]
[Black "Indjic, Aleksandar"]
[Result "0-1"]
[WhiteElo "2514"]
[BlackElo "2647"]
[PlyCount "67"]
[EventDate "2024.12.30"]
[EventType "swiss (blitz)"]
[EventRounds "13"]
[EventCountry "USA"]
[SourceTitle "CB01_2025"]
[SourceDate "2025.01.01"]
[SourceVersion "1"]
[SourceVersionDate "2025.01.01"]
[SourceQuality "1"]

1. e4 c5 2. c3 Nf6 3. e5 Nd5 4. Nf3 Nc6 5. d4 cxd4 6. cxd4 d6 7. Bc4 Nb6 8. Bb5 Bd7 9. exd6 e6 10. 0-0 Bxd6 11. Nc3 a6 12. Be2 Nb4 13. Ne5 0-0 14. Bf3 Bxe5 15. dxe5 Bc6 16. Bxc6 Qxd1 17. Rxd1 Nxc6 18. f4 Rfd8 19. Be3 Nc4 20. Bf2 Nxb2 21. Rxd8+ Rxd8 22. Ne4 Nd3 23. Nd6 Nxf4 24. Nxb7 Rb8 25. Nc5 a5 26. Kf1 Nxe5 27. Bg3 Rc8 28. Ne4 Nfd3 29. Rb1 h6 30. Rb7 f5 31. Nd6 Rc1+ 32. Ke2 f4 33. Bh4 g5 34. Ne4 0-1

[Event "Wch Rapid"]
[Site "New York"]
[Date "2024.12.28"]
[Round "10"]
[White "Zarnicki, Pablo Adrian"]
[Black "Onischuk, Alexander"]
[Result "1-0"]
[WhiteElo "2460"]
[BlackElo "2668"]
[PlyCount "85"]
[EventDate "2024.12.26"]
[EventType "swiss (rapid)"]
[EventRounds "13"]
[EventCountry "USA"]
[SourceTitle "CB01_2025"]
[SourceDate "2025.01.01"]
[SourceVersion "1"]
[SourceVersionDate "2025.01.01"]
[SourceQuality "1"]

1. e4 e5 2. Nf3 Nc6 3. Nc3 Nf6 4. a3 d6 5. d4 Bg4 6. dxe5 dxe5 7. Qxd8+ Rxd8 8. Bb5 Bxf3 9. Bxc6+ bxc6 10. gxf3 Bc5 11. Be3 Bd4 12. 0-0-0 Ke7 13. Ne2 Bb6 14. Rxd8 Rxd8 15. Rd1 Rd6 16. c4 Nd7 17. Rxd6 cxd6 18. Kc2 Ke6 19. b4 f5 20. Kd3 Bxe3 21. exf5+ Kxf5 22. fxe3 Kg5 23. Nc3 Kh4 24. Ne4 Kh3 25. Ng5+ Kxh2 26. Nxh7 Kg3 27. Ng5 d5 28. cxd5 cxd5 29. a4 a6 30. Ke2 d4 31. Ne4+ Kg2 32. Nc5 Nb6 33. e4 g5 34. a5 Nc8 35. Nd3 Kg3 36. Nxe5 Nd6 37. Nc6 d3+ 38. Kxd3 Kxf3 39. e5 Nb5 40. e6 Kf4 41. e7 Nc7 42. b5 axb5 43. a6 1-0

[Event "Wch Rapid"]
[Site "New York"]
[Date "2024.12.27"]
[Round "6"]
[White "Zarnicki, Pablo Adrian"]
[Black "Meier, Georg"]
[Result "1/2-1/2"]
[WhiteElo "2460"]
[BlackElo "2624"]
[PlyCount "69"]
[EventDate "2024.12.26"]
[EventType "swiss (rapid)"]
[EventRounds "13"]
[EventCountry "USA"]
[SourceTitle "CB01_2025"]
[SourceDate "2025.01.01"]
[SourceVersion "1"]
[SourceVersionDate "2025.01.01"]
[SourceQuality "1"]

1. e4 e6 2. d4 d5 3. Nd2 c5 4. exd5 Qxd5 5. Ngf3 cxd4 6. Bc4 Qd7 7. 0-0 Nc6 8. Nb3 Nf6 9. Nbxd4 Nxd4 10. Qxd4 Qxd4 11. Nxd4 Bd7 12. Be2 Bc5 13. Nb3 Bd6 14. Rd1 Ke7 15. Bf3 Rac8 16. c3 Bc6 17. Bxc6 Rxc6 18. Be3 b6 19. Nd4 Rcc8 20. f3 Rhd8 21. a4 a6 22. Bf2 Ke8 23. g3 Bc5 24. Nc2 Nd5 25. Rd3 Bxf2+ 26. Kxf2 Rc4 27. Ne3 Nxe3 28. Kxe3 h5 29. Rxd8+ Kxd8 30. Rd1+ Kc7 31. Rd4 Rc5 32. Kd3 Rg5 33. Rc4+ Kd6 34. Rd4+ Kc6 35. Rc4+ 1/2-1/2

[Event "Wch Rapid"]
[Site "New York"]
[Date "2024.12.26"]
[Round "5"]
[White "Sandipan, Chanda"]
[Black "Zarnicki, Pablo Adrian"]
[Result "0-1"]
[WhiteElo "2585"]
[BlackElo "2460"]
[PlyCount "48"]
[EventDate "2024.12.26"]
[EventType "swiss (rapid)"]
[EventRounds "13"]
[EventCountry "USA"]
[SourceTitle "CB01_2025"]
[SourceDate "2025.01.01"]
[SourceVersion "1"]
[SourceVersionDate "2025.01.01"]
[SourceQuality "1"]

1. d4 Nf6 2. c4 e6 3. Nc3 Bb4 4. e3 c5 5. Nge2 cxd4 6. exd4 d5 7. a3 Be7 8. c5 b6 9. b4 a5 10. Bf4 0-0 11. Bxb8 Rxb8 12. g3 bxc5 13. bxc5 e5 14. dxe5 Bxc5 15. exf6 Qxf6 16. f4 Re8 17. Nxd5 Qb2 18. Rc1 Qxa3 19. Qc2 Bd4 20. Nc7 Bf5 21. Qc4 Re4 22. Nb5 Rxb5 23. Bg2 Bf2+ 24. Kxf2 Qe3+ 0-1

[Event "Wch Rapid"]
[Site "New York"]
[Date "2024.12.26"]
[Round "2"]
[White "Wanyama, Harold"]
[Black "Zarnicki, Pablo Adrian"]
[Result "0-1"]
[WhiteElo "2191"]
[BlackElo "2460"]
[PlyCount "64"]
[EventDate "2024.12.26"]
[EventType "swiss (rapid)"]
[EventRounds "13"]
[EventCountry "USA"]
[SourceTitle "CB01_2025"]
[SourceDate "2025.01.01"]
[SourceVersion "1"]
[SourceVersionDate "2025.01.01"]
[SourceQuality "1"]

1. d4 Nf6 2. c4 g6 3. Nc3 Bg7 4. e4 d6 5. h3 e5 6. Nge2 exd4 7. Nxd4 0-0 8. Be3 Re8 9. Qc2 Qe7 10. f3 c6 11. g4 Na6 12. 0-0-0 Nb4 13. Qb3 a5 14. a3 Na6 15. Bf4 Nd7 16. h4 Nac5 17. Qc2 a4 18. Kb1 Ne5 19. Be2 Be6 20. Nxe6 Qxe6 21. h5 Nb3 22. Nxa4 Rxa4 23. Qxb3 b5 24. hxg6 hxg6 25. Qc2 Qf6 26. Bc1 Nxc4 27. Bxc4 Rxc4 28. Qh2 Qxf3 29. Rxd6 Qxe4+ 30. Ka2 Rc2 31. Qh7+ Kf8 32. Rd7 Qe6+ 0-1